| 000 | 00817nas a2200265 4500 | ||
|---|---|---|---|
| 001 | BR9804378 | ||
| 003 | BR-BrBNA | ||
| 005 | 20231205101055.0 | ||
| 007 | ta | ||
| 008 | 230509b bl.|||p| |||| 00| 00por d | ||
| 040 |
_aBR-BrBNA _bpor _cBiblioteca Nacional de Agricultura |
||
| 041 | _a(Pt) | ||
| 072 | _aF70 | ||
| 100 | 1 | _aBastos, M. de N. do C. | |
| 100 | 1 | _aRosario, C.S. | |
| 100 | 1 | _aLobato, L.C.B. | |
| 245 | 1 | _aCaracterizacao fitofisionomica da restinga de algodoal - Maracana, Para, Brasil | |
| 650 | _aRestinga | ||
| 650 | _aInventario | ||
| 650 | _aVegetacao | ||
| 650 | _aAmazonia | ||
| 773 | 0 |
_tBoletim do Museu Paraense Emilio Goeldi. Serie Botanica (Brazil) _xISSN 0077-2216 _g(Dec 1995), v. 11(2) p. 196-197 _wBR9804378 |
|
| 909 |
_a202311 _bLúcia _c55 _dLúcia Elande |
||
| 942 |
_2AGRIS _n0 _cANA |
||
| 999 |
_c159555 _d159555 |
||